<?xml version="1.0" encoding="UTF-8"?>
<record
    xmlns:xsi="http://www.w3.org/2001/XMLSchema-instance"
    xsi:schemaLocation="http://www.loc.gov/MARC21/slim http://www.loc.gov/standards/marcxml/schema/MARC21slim.xsd"
    xmlns="http://www.loc.gov/MARC21/slim">

  <leader>02001nkc a22003257a 4500</leader>
  <controlfield tag="001">85801</controlfield>
  <controlfield tag="005">20260420104544.0</controlfield>
  <controlfield tag="007">kh boc</controlfield>
  <controlfield tag="008">260415s18801920sp ||||| |||| |0| i|spa d</controlfield>
  <datafield tag="040" ind1=" " ind2=" ">
    <subfield code="a">M-RABA</subfield>
    <subfield code="b">spa</subfield>
    <subfield code="c">M-RABA</subfield>
  </datafield>
  <datafield tag="245" ind1="0" ind2="1">
    <subfield code="a">[Portadas de iglesias</subfield>
    <subfield code="b">: rom&#xE1;nico y transici&#xF3;n al g&#xF3;tico]</subfield>
    <subfield code="h">[Material gr&#xE1;fico]</subfield>
  </datafield>
  <datafield tag="260" ind1=" " ind2=" ">
    <subfield code="c">[ca.1880-1920]</subfield>
  </datafield>
  <datafield tag="300" ind1=" " ind2=" ">
    <subfield code="a">4 fotograf&#xED;as</subfield>
    <subfield code="b">: aristotipo</subfield>
    <subfield code="c">; imagen 23,5 x 16,5 cm </subfield>
    <subfield code="c">; soporte secundario 29,5 x 21,5 cm </subfield>
  </datafield>
  <datafield tag="500" ind1="0" ind2="0">
    <subfield code="a">Conjunto de 4 fotograf&#xED;as que representan diferentes arcos y portadas de iglesias rom&#xE1;nicas y g&#xF3;ticas en Espa&#xF1;a.</subfield>
  </datafield>
  <datafield tag="500" ind1="0" ind2="0">
    <subfield code="a">Menci&#xF3;n de responsabilidad impresa en el soporte secundario de Fot-642 "&#xC1;lvarez".</subfield>
  </datafield>
  <datafield tag="500" ind1="0" ind2="0">
    <subfield code="a">Nota manuscrita a tinta al verso : "Segovia. S&#xAA; Juan?" (Fot-641)</subfield>
  </datafield>
  <datafield tag="500" ind1="0" ind2="0">
    <subfield code="a">Fechas tomadas del periodo de actividad de la t&#xE9;cnica.</subfield>
  </datafield>
  <datafield tag="505" ind1=" " ind2=" ">
    <subfield code="a">Fot-641: Iglesia de San Juan de los Caballeros (Segovia); Fot-642: Portada del antiguo Monasterio de Villanueva (Covadonga).</subfield>
  </datafield>
  <datafield tag="610" ind1="2" ind2="7">
    <subfield code="a">Iglesia de San Juan de los Caballeros (</subfield>
    <subfield code="c">Segovia, Espa&#xF1;a)</subfield>
    <subfield code="9">33275</subfield>
  </datafield>
  <datafield tag="610" ind1="2" ind2="7">
    <subfield code="a">Monasterio de San Pedro (</subfield>
    <subfield code="c">Villanueva, Espa&#xF1;a)</subfield>
    <subfield code="9">27351</subfield>
  </datafield>
  <datafield tag="651" ind1=" " ind2="7">
    <subfield code="a">Segovia</subfield>
    <subfield code="2">embne</subfield>
    <subfield code="9">75467</subfield>
  </datafield>
  <datafield tag="651" ind1=" " ind2="7">
    <subfield code="a">Covadonga (Asturias, Espa&#xF1;a)</subfield>
    <subfield code="9">74883</subfield>
  </datafield>
  <datafield tag="655" ind1=" " ind2="0">
    <subfield code="a">Fotograf&#xED;as de monumentos</subfield>
    <subfield code="9">111580</subfield>
  </datafield>
  <datafield tag="852" ind1=" " ind2=" ">
    <subfield code="j">Fot-641; Fot-642; Fot-643; Fot-644</subfield>
  </datafield>
  <datafield tag="856" ind1=" " ind2=" ">
    <subfield code="u">https://archivoybiblioteca.realacademiabellasartessanfernando.com/cgi-bin/koha/opac-retrieve-file.pl?id=8b358282d5e89e30c84cb62eedda4a4f</subfield>
    <subfield code="y">Fot-641</subfield>
  </datafield>
  <datafield tag="856" ind1=" " ind2=" ">
    <subfield code="u">https://archivoybiblioteca.realacademiabellasartessanfernando.com/cgi-bin/koha/opac-retrieve-file.pl?id=e6583df48a14bf43cf05d69bafdd3d50</subfield>
    <subfield code="y">Fot-642</subfield>
  </datafield>
  <datafield tag="856" ind1=" " ind2=" ">
    <subfield code="u">https://archivoybiblioteca.realacademiabellasartessanfernando.com/cgi-bin/koha/opac-retrieve-file.pl?id=a60196b8fb169a0aa0f501498e22f0d5</subfield>
    <subfield code="y">Fot-643</subfield>
  </datafield>
  <datafield tag="856" ind1=" " ind2=" ">
    <subfield code="u">https://archivoybiblioteca.realacademiabellasartessanfernando.com/cgi-bin/koha/opac-retrieve-file.pl?id=53023484147c18e3f440cb5d90afb1bc</subfield>
    <subfield code="y">Fot-644</subfield>
  </datafield>
  <datafield tag="942" ind1=" " ind2=" ">
    <subfield code="c">FOTOGRAF&#xCD;A</subfield>
    <subfield code="n">0</subfield>
  </datafield>
  <datafield tag="952" ind1=" " ind2=" ">
    <subfield code="0">0</subfield>
    <subfield code="1">0</subfield>
    <subfield code="2">ddc</subfield>
    <subfield code="4">0</subfield>
    <subfield code="7">0</subfield>
    <subfield code="8">FOTOGRAFIA</subfield>
    <subfield code="a">RABASF</subfield>
    <subfield code="b">RABASF</subfield>
    <subfield code="c">DP2</subfield>
    <subfield code="d">2026-04-15</subfield>
    <subfield code="l">0</subfield>
    <subfield code="o">Fot-641</subfield>
    <subfield code="p">1096907</subfield>
    <subfield code="r">2026-04-15 11:14:46</subfield>
    <subfield code="w">2026-04-15</subfield>
    <subfield code="y">FOTOGRAF&#xCD;A</subfield>
  </datafield>
  <datafield tag="952" ind1=" " ind2=" ">
    <subfield code="0">0</subfield>
    <subfield code="1">0</subfield>
    <subfield code="2">ddc</subfield>
    <subfield code="4">0</subfield>
    <subfield code="7">0</subfield>
    <subfield code="8">FOTOGRAFIA</subfield>
    <subfield code="a">RABASF</subfield>
    <subfield code="b">RABASF</subfield>
    <subfield code="c">DP2</subfield>
    <subfield code="d">2026-04-15</subfield>
    <subfield code="l">0</subfield>
    <subfield code="o">Fot-642</subfield>
    <subfield code="p">1096908</subfield>
    <subfield code="r">2026-04-15 11:14:46</subfield>
    <subfield code="w">2026-04-15</subfield>
    <subfield code="y">FOTOGRAF&#xCD;A</subfield>
  </datafield>
  <datafield tag="952" ind1=" " ind2=" ">
    <subfield code="0">0</subfield>
    <subfield code="1">0</subfield>
    <subfield code="2">ddc</subfield>
    <subfield code="4">0</subfield>
    <subfield code="7">0</subfield>
    <subfield code="8">FOTOGRAFIA</subfield>
    <subfield code="a">RABASF</subfield>
    <subfield code="b">RABASF</subfield>
    <subfield code="c">DP2</subfield>
    <subfield code="d">2026-04-15</subfield>
    <subfield code="l">0</subfield>
    <subfield code="o">Fot-643</subfield>
    <subfield code="p">1096909</subfield>
    <subfield code="r">2026-04-15 11:14:46</subfield>
    <subfield code="w">2026-04-15</subfield>
    <subfield code="y">FOTOGRAF&#xCD;A</subfield>
  </datafield>
  <datafield tag="952" ind1=" " ind2=" ">
    <subfield code="0">0</subfield>
    <subfield code="1">0</subfield>
    <subfield code="2">ddc</subfield>
    <subfield code="4">0</subfield>
    <subfield code="7">0</subfield>
    <subfield code="8">FOTOGRAFIA</subfield>
    <subfield code="a">RABASF</subfield>
    <subfield code="b">RABASF</subfield>
    <subfield code="c">DP2</subfield>
    <subfield code="d">2026-04-15</subfield>
    <subfield code="l">0</subfield>
    <subfield code="o">Fot-644</subfield>
    <subfield code="p">1096910</subfield>
    <subfield code="r">2026-04-15 11:14:46</subfield>
    <subfield code="w">2026-04-15</subfield>
    <subfield code="y">FOTOGRAF&#xCD;A</subfield>
  </datafield>
  <datafield tag="999" ind1=" " ind2=" ">
    <subfield code="c">85801</subfield>
    <subfield code="d">85801</subfield>
  </datafield>
</record>
